000 003020000a22001450004500
003 MACL
040 _aMACL
090 _c18303
_d18302
100 _aNaudou, Jean
245 _aBuddhist of Kashmir
260 _bAgam Kala Prakashan
_c1996
350 _a300
650 _aReligion
942 _cBOOK
_k294.3
999 _c18190
_d18190